00438nam a2200181Ia 4500008004100000020001800041245002400059245004200083245001900125260001500144260001600159260000900175300001500184300002500199300001000224440001400234500000800248170705s9999 xx 000 0 und d a9780439686235 aFighting the odds : bone kid's battle to save his friend / cAdrienne Mand. aNew York : bScholastic, c2004 a26 pages : bcolor illustration ; c19cm. aRead 180. a610